| 000 | 00526nam a22002057a 4500 | ||
|---|---|---|---|
| 003 | OSt | ||
| 005 | 20231020134103.0 | ||
| 008 | 160513b xxu||||| |||| 00| 0 eng d | ||
| 020 | _a9780723434443 | ||
| 040 | _c040a | ||
| 082 | _aQZ 4 C813a 2009 | ||
| 100 |
_aStevens, Alan; Lowe, James; Scott, Ian _916801 |
||
| 245 | _aCore Pathology | ||
| 250 | _a3rd.ed | ||
| 260 |
_aNottingham; _bMosby, _c2009 |
||
| 300 |
_axii, 632; _bcol.ill : _c24 cm. |
||
| 504 | _aIncludes index | ||
| 650 |
_aPathology _937 |
||
| 942 |
_2ddc _cSLOAN |
||
| 999 |
_c4041 _d4041 |
||